[Event "AUTO-OPEN-4372"]
[Site "http://www.queenalice.com/game.php?id=1790501"]
[Date "2022.6.8"]
[Round "1"]
[White "Archer"]
[Black "cpessoa"]
[Result "1-0"]
[WhiteElo "1764"]
[BlackElo "1051"]

1. e4 e5 2. Nf3 Nc6 3. Nc3 Nf6 4. Bc4 Nd4 5. Nxd4 exd4 6. Ne2 Nxe4 7. d3 Nc5 8.
Nxd4 Qh4 9. Qe2+ Be7 10. Nf5 Qf6 11. Nxe7 Qxe7 12. Qxe7+ Kxe7 13. b3 b5 14. Bd5
c6 15. Bf3 Ne6 16. O-O Nd4 17. Bd1 c5 18. Be3 Ne6 19. Bg4 d6 20. Rae1 c4 21.
dxc4 bxc4 22. bxc4 Rb8 23. Bf5 Rb2 24. Ra1 g6 25. Bg4 Rxc2 26. Rfc1 h5 27. Rxc2
hxg4 28. Re1 a5 29. c5 dxc5 30. Bxc5+ Kd7 31. Rd1+ Kc7 32. Bd4+ Kb7 33. Bxh8 Nf4
34. Rb1+ Ka7 35. Bd4+ Ka8 36. Rxc8# 1-0

[Event "AUTO-OPEN-4372"]
[Site "http://www.queenalice.com/game.php?id=1790502"]
[Date "2022.6.8"]
[Round "1"]
[White "cpessoa"]
[Black "Archer"]
[Result "0-1"]
[WhiteElo "1055"]
[BlackElo "1774"]

1. e3 e5 2. Bc4 d5 3. Bb5+ c6 4. Ba4 b5 5. Bb3 e4 6. Qh5 g6 7. Qe5+ Be6 8. Qxh8
Nf6 9. a4 Qa5 10. Qxf6 Nd7 11. Qc3 Qb6 12. Nh3 Bh6 13. Qh8+ Nf8 14. d3 b4 15.
dxe4 O-O-O 16. a5 Qb8 17. exd5 Bxd5 18. f3 Re8 19. e4 Bxc1 20. Kd1 Bxb3 21. Kxc1
Bc4 22. Ng5 Qf4+ 23. Nd2 Qxg5 24. Ra4 Rd8 25. Rd1 Ne6 26. Qxh7 Nd4 27. Rxb4 Be6
28. f4 Qxf4 29. g3 Qd6 30. c3 Nb3+ 31. Nxb3 Qxd1# 0-1

[Event "AUTO-OPEN-4372"]
[Site "http://www.queenalice.com/game.php?id=1790503"]
[Date "2022.6.8"]
[Round "1"]
[White "Archer"]
[Black "FM"]
[Result "1-0"]
[WhiteElo "1738"]
[BlackElo "2014"]

1. e4 c5 2. Bc4 Nc6 3. c3 Nf6 4. d3 e6 5. Bg5 Be7 6. Nf3 O-O 7. Nbd2 h6 8. Bh4
d5 9. Bb5 Qb6 10. a4 g5 11. Bg3 dxe4 12. dxe4 1-0

[Event "AUTO-OPEN-4372"]
[Site "http://www.queenalice.com/game.php?id=1790504"]
[Date "2022.6.8"]
[Round "1"]
[White "FM"]
[Black "Archer"]
[Result "0-1"]
[WhiteElo "1987"]
[BlackElo "1765"]

1. e4 e5 2. Nf3 d6 3. d4 h6 4. dxe5 Nc6 5. exd6 Bxd6 6. Be2 b6 7. O-O Bb7 8. Nc3
Nge7 9. Re1 O-O 10. Be3 Qe8 11. Qd2 Rd8 0-1

[Event "AUTO-OPEN-4372"]
[Site "http://www.queenalice.com/game.php?id=1790505"]
[Date "2022.6.8"]
[Round "1"]
[White "Archer"]
[Black "CHESS1969"]
[Result "0-1"]
[WhiteElo "1750"]
[BlackElo "2132"]

1. e4 c6 2. Nf3 d5 3. exd5 cxd5 4. d4 Nf6 5. Bf4 Nc6 6. Bb5 Qa5+ 7. Nc3 Bg4 8.
a3 e6 9. O-O Be7 10. h3 Bxf3 11. Qxf3 O-O 12. Bxc6 bxc6 13. b4 Qb6 14. Ne2 a5
15. c3 Ra7 16. Ng3 Rfa8 17. Nh5 Nxh5 18. Qxh5 axb4 19. Rfb1 Rxa3 20. Rxa3 Rxa3
21. Rxb4 Bxb4 22. cxb4 Qxd4 23. Qh4 h6 24. Qd8+ Kh7 25. Qd6 Ra1+ 26. Kh2 Qxf2
27. Be5 Rg1 0-1

[Event "AUTO-OPEN-4372"]
[Site "http://www.queenalice.com/game.php?id=1790506"]
[Date "2022.6.8"]
[Round "1"]
[White "CHESS1969"]
[Black "Archer"]
[Result "1-0"]
[WhiteElo "2092"]
[BlackElo "1766"]

1. e4 e6 2. d4 d5 3. Nc3 Bb4 4. e5 f6 5. a3 Ba5 6. Bd3 c6 7. Qh5+ Ke7 8. Bd2 Kd7
9. Nf3 Ne7 10. exf6 gxf6 11. O-O-O Kc7 12. Bf4+ Kd7 13. Rhe1 b5 14. Rxe6 Kxe6
15. Re1+ Kd7 16. Bf5+ Nxf5 17. Qxf5# 1-0

[Event "thbn"]
[Site "http://www.queenalice.com/game.php?id=1790683"]
[Date "2022.6.12"]
[Round "4"]
[White "CCapivara"]
[Black "Archer"]
[Result "1/2-1/2"]
[WhiteElo "2227"]
[BlackElo "1747"]

1. e4 e5 2. f4 exf4 3. Nf3 Bc5 4. d4 Bb6 5. Bxf4 Nf6 6. Nc3 d5 7. e5 Ne4 8. Bd3
Nc6 9. Ne2 Bg4 10. O-O Qd7 11. c3 O-O-O 12. Qc2 h6 13. Bxe4 dxe4 14. Qxe4 Rhe8
15. a4 a5 16. Ng3 f5 17. Qe1 g5 18. Bd2 Bxf3 19. Rxf3 f4 20. Ne4 Nxe5 21. Rf1
Bxd4+ 22. cxd4 Qxd4+ 23. Kh1 Nd3 24. Bc3 Qxe4 25. Qxe4 Rxe4 26. h3 b6 27. Kh2 c5
28. Rad1 Kc7 29. Rd2 Rxa4 30. Rfd1 c4 31. Bg7 h5 32. b3 cxb3 33. Rxd3 Rxd3 34.
Rxd3 Kc6 35. Rxb3 b5 36. Rf3 Re4 37. Bh6 Re5 38. h4 gxh4 39. Rxf4 b4 40. Rxh4
Kb5 41. Bg7 Rf5 42. Re4 Ka4 43. Re1 Kb3 44. Rb1+ Ka2 45. Ra1+ Kb3 46. Rb1+ Kc2
47. Ra1 b3 48. g4 hxg4 49. Kg3 Rb5 50. Kxg4 b2 51. Ra2 Rb4+ 52. Kf3 a4 53. Bxb2
Rxb2 1/2-1/2

[Event "Challenge"]
[Site "http://www.queenalice.com/game.php?id=1791420"]
[Date "2022.6.24"]
[Round "-"]
[White "jjjcarvalho"]
[Black "Archer"]
[Result "1-0"]
[WhiteElo "1831"]
[BlackElo "1762"]

1. e4 e6 2. d4 d5 3. e5 Nc6 4. c3 g6 5. Nf3 h6 6. Bb5 Ne7 7. O-O Bd7 8. Qd3 Nf5
9. b4 a6 10. Ba4 b5 11. Bc2 a5 12. bxa5 Nxa5 13. h3 Be7 14. Ba3 Nc4 15. Bxe7
Qxe7 16. Nbd2 Nb2 17. Qe2 Qa3 18. Bb3 O-O 19. g4 Ne7 20. h4 b4 21. cxb4 Qxb4 22.
Rfb1 Bb5 23. Qe3 Nd3 24. Kg2 f5 25. Qxh6 Kf7 26. gxf5 Nxf5 27. Ng5+ Ke7 28. Qh7+
Ke8 29. Qxg6+ Kd7 30. Qxe6+ Kd8 31. Qxd5+ Ke7 32. Qe6+ Kd8 33. Nf7+ Rxf7 34.
Qxf7 Nxh4+ 35. Kg3 Qxd4 36. Qd5+ Qxd5 37. Bxd5 Nf5+ 38. Kg4 Ra4+ 39. Kxf5 c6 40.
Bb3 Rf4+ 41. Kg5 Rxf2 42. Ne4 Re2 43. Kf5 c5 44. Bd1 Rh2 45. Rxb5 Rh5+ 46. Bxh5
1-0

[Event "AUTO-ADV-4642"]
[Site "http://www.queenalice.com/game.php?id=1796180"]
[Date "2022.9.14"]
[Round "1"]
[White "Archer"]
[Black "matamuff"]
[Result "0-1"]
[WhiteElo "1654"]
[BlackElo "1779"]

1. e4 Nf6 2. e5 Nd5 3. d4 Nb6 4. Nf3 d6 5. Bf4 dxe5 6. Nxe5 a6 7. Bc4 Nxc4 8.
Nxc4 e6 9. O-O Be7 10. Nc3 O-O 0-1